Central Library OPAC University of Rajshahi

Conflict in Laos : (Record no. 27207)

MARC details
000 -LEADER
fixed length control field 00737nam a2200241 a 4500
001 - CONTROL NUMBER
control field 27207
003 - CONTROL NUMBER IDENTIFIER
rucl marc code BD-RjUL
005 - DATE AND TIME OF LATEST TRANSACTION
control field 20211209051127.0
008 - FIXED-LENGTH DATA ELEMENTS--GENERAL INFORMATION
fixed length control field 140324r19671964nyub b 001 0 eng d
035 ## - SYSTEM CONTROL NUMBER
System control number (BD-RjUL)27279
040 ## - CATALOGING SOURCE
Original cataloging agency NUN
Language of cataloging eng
Transcribing agency NUN
Modifying agency BD-RjUL
041 ## - LANGUAGE CODE
Language code of text/sound track or separate title eng
082 04 - DEWEY DECIMAL CLASSIFICATION NUMBER
Classification number 959.4
Author mark and year DOC 1967
100 1# - MAIN ENTRY--PERSONAL NAME
Personal name Dommen, Arthur J.
9 (RLIN) 83498
245 10 - TITLE STATEMENT
Title Conflict in Laos :
Remainder of title the politics of neutralization /
Statement of responsibility, etc. Arthur J. Dommen.
260 ## - PUBLICATION, DISTRIBUTION, ETC. (IMPRINT)
Place of publication, distribution, etc. New York :
Name of publisher, distributor, etc. A. Praeger,
Date of publication, distribution, etc. c1964 [Reprinted 1967].
300 ## - PHYSICAL DESCRIPTION
Pagination xiv, 338 p. :
Illustrations ill. ;
Size 22 cm.
504 ## - BIBLIOGRAPHY, ETC. NOTE
Bibliography, etc Bibliography: p. 322-330.
Bibliography, etc Includes index.
651 #0 - SUBJECT ADDED ENTRY--GEOGRAPHIC NAME
Geographic name Laos
General subdivision Politics and government.
9 (RLIN) 83499
Geographic name Laos
General subdivision Foreign relations.
9 (RLIN) 83500
942 ## - ADDED ENTRY ELEMENTS (KOHA)
Source of classification or shelving scheme Dewey Decimal Classification
Koha item type Books
Holdings
Lost status Source of classification or shelving scheme Damaged status Not for loan Collection code Permanent Location Current Location Shelving location Date acquired Source of acquisition Cost, normal purchase price Total Checkouts Full call number Date last seen Copy number Koha item type
  Dewey Decimal Classification   Added to bundle Non-fiction Central Library, University of Rajshahi Central Library, University of Rajshahi Reading Room 24/03/2014 Sweet & Zeitlinger 45.00   959.4 DOC 1967 24/03/2014 C-1 Books